| 000 | 00991nam a2200241Ia 4500 | ||
|---|---|---|---|
| 003 | OSt | ||
| 005 | 20200911152757.0 | ||
| 008 | 191128s2013 ck fr 000 0dspa d | ||
| 020 | _a9789587109047 | ||
| 040 |
_aCO-JMCR _cCO-JMCR |
||
| 041 | 0 | _aspa | |
| 082 | 0 | 4 |
_a364.16 / _bS818d _223 |
| 100 | 1 |
_aSuárez Sánchez, Alberto, _eautor _910199 |
|
| 245 | 1 | 0 |
_aDelitos contra el patrimonio económico : _brebaja de pena por reparación / _cAlberto Suárez Sánchez |
| 250 | _a2a. edición | ||
| 260 |
_aBogotá : _bUniversidad Externado de Colombia, _c2013 |
||
| 300 |
_a644 páginas ; _c24 cm. |
||
| 504 | _aBibliografía: páginas 637-644 | ||
| 505 | 0 | _aEl injusto típico en los delitos contra el patrimonio económico -- El tipo de injusto contra el patrimonio económico -- La parte objetiva del tipo de injusto de los delitos contra el patrimonio económico | |
| 650 | 1 | 4 |
_aDelitos contra la propiedad _zColombia _910200 |
| 650 | 1 | 4 |
_aDerecho penal _zColombia _98555 |
| 942 |
_2ddc _cBK |
||
| 999 |
_c5963 _d5963 |
||